MARC
| LEADER | 00000nam a2200000Ia 4500 | ||
|---|---|---|---|
| 008 | 170316s9999 xx 000 0 und d | ||
| 999 | |c 7442 |d 7442 | ||
| 040 | |a cru BVZT | ||
| 090 | |a 830 U-1r | ||
| 100 | |a Unger, Hellmuth | ||
| 245 | |a Roberto Koch | ||
| 260 | |a Barcelona, España | ||
| 260 | |b Zodiaco | ||
| 260 | |c [s.f.] | ||
| 300 | |a 318 páginas | ||
| 650 | |a LITERATURA ALEMANA |9 192 | ||
| 942 | |c 15 D |h 830 U-1r |2 z | ||
